000
00302 a2200121 4500
001
64943
040
_c
Anchieta - Pituba
240
1
0
_a
3ª Avaliação multidisciplinar, 3ª série
_l
por
245
1
0
_a
3ª Avaliação multidisciplinar, 3ª série
362
0
_a
2018
650
4
_a
Matemática
942
_c
BK
999
_c
64943
_d
64943